000
00319nam a2200121Ia 4500
008
190415s9999 xx 000 0 und d
082
_a
RL.0013
100
_a
Lakshmanna, C.
245
0
_a
Study of scheduled caste and scheduled tribe high school students in Andhra Prad
260
_c
0
300
_a
128p.
942
_c
BK
999
_c
21423
_d
21423